00452cam a2200157ua 45000010005000000080039000050400009000440820010000531000034000632450072000972500009001692600035001783000017002136530014002306530050002441397110707n ii |||gr||||Z||||||asm cMAIN a332.41 aGoswami, Nonigopal.,eAuthor.1 aMudra, bank- bibyastha aru antrajatik banijyacby Nonigopal Goswami a2nd. aGuahati:bJyoti prakashan,995. a688p:c23cm. aEconomics amudra, bank, bibyastha aru antrajatik banijya